An illustrated history of the first world war / (Record no. 15926)

000 -LEADER
fixed length control field 02744nam a2200241 a 4500
001 - CONTROL NUMBER
control field ASIN037541259X
005 - DATE AND TIME OF LATEST TRANSACTION
control field 20170105102928.0
008 - FIXED-LENGTH DATA ELEMENTS--GENERAL INFORMATION
fixed length control field 131216s2001 xxu eng d
020 ## - INTERNATIONAL STANDARD BOOK NUMBER
International Standard Book Number 037541259X (hardcover)
Terms of availability $50.00
020 ## - INTERNATIONAL STANDARD BOOK NUMBER
International Standard Book Number 9780375412592 (hardcover)
040 ## - CATALOGING SOURCE
Original cataloging agency 0
050 04 - LIBRARY OF CONGRESS CALL NUMBER
Classification number D521
082 04 - DEWEY DECIMAL CLASSIFICATION NUMBER
Classification number 940.3
Author Mark KEE 2001
100 1# - MAIN ENTRY--PERSONAL NAME
Personal name Keegan, John.
245 13 - TITLE STATEMENT
Title An illustrated history of the first world war /
Statement of responsibility, etc. John Keegan.
250 ## - EDITION STATEMENT
Edition statement 1st ed.
260 ## - PUBLICATION, DISTRIBUTION, ETC.
Place of publication, distribution, etc. [S.l.] :
Name of publisher, distributor, etc. Knopf,
Date of publication, distribution, etc. 2001.
300 ## - PHYSICAL DESCRIPTION
Extent 456 p. ;
Dimensions 28 cm.
520 ## - SUMMARY, ETC.
Summary, etc. John Keegan's The First World War was everywhere praised, and became the definitive account of the war that created the modern world. The New York Times Book Review acclaimed Keegan as "the best military historian of our day," and the Washington Post called the book "a grand narrative history [and] a pleasure to read." Now Keegan gives us a lavishly illustrated history of the war, brilliantly interweaving his narrative--some of it derived from his classic work and some of it new--with a brilliant selection of photograps, paintings, cartoons and posters drawn from archives across Europe and America, some published here for the first time. These images take us into the heart of battles that have become legend: Ypres, Gallipoli, Verdun, the Somme. They show us the generals' war and the privates' war--young soldiers, away from home for the first time, coming of age under fire. We see how a civilization at the height of its power and influence crippled itself as the faith in progress, rationalism and liberalism that had prevailed in Europe since the Enlightenment was shattered. We see how four empires--the German, the Russian, the Austro-Hungarian and the Ottoman--collapsed, and how the seeds for the Second World War were planted. Keegan tells how ambition, mistrust and failures of diplomacy and communication all played a part in allowing this conflict to set ablaze what was then the world's most prosperous society. And he describes how the effects of this war lasted long after it ended; its ghosts still haunt Europe today. An Illustrated History of the First World War carries us across the Europe of nearly a century ago, revealing the devastation, camaraderie, political machinations and battlefield maneuverings that changed the world. It presents the essential cast of that cataclysmic drama, from the decision makers at the top--Haig, Joffre, Hindenberg, Pershing--to the troops in the trenches. Through its unique amalgam of pictorial and narrative brilliance, the book illuminates the war as no other work has done.
650 #0 - SUBJECT ADDED ENTRY--TOPICAL TERM
Topical term or geographic name entry element World War (1914-1918)
856 40 - ELECTRONIC LOCATION AND ACCESS
Materials specified Amazon.com
Uniform Resource Identifier <a href="http://www.amazon.com/exec/obidos/ASIN/037541259X/chopaconline-20">http://www.amazon.com/exec/obidos/ASIN/037541259X/chopaconline-20</a>
942 ## - ADDED ENTRY ELEMENTS (KOHA)
Source of classification or shelving scheme
Koha item type Book
Holdings
Withdrawn status Lost status Damaged status Not for loan Collection code Permanent Location Current Location Shelving location Date acquired Total Checkouts Full call number Barcode Date last seen Price effective from Koha item type
          Centre for International Peace & Stability (CIPS) Centre for International Peace & Stability (CIPS) Reference 10/02/2013   940.3 KEE 2001 CIPS0001899 12/16/2013 01/05/2017 Reference
© 2023 Central Library, National University of Sciences and Technology. All Rights Reserved.